1277 1083 1390 1922 1742 1293 1296 1127 1488 1334 1639 1801 1334 1972 1056 1474 1950 1030 1163 1125 1792 1717 1921 1804 1853 1644 1750 1980 1239 1088 1667 1630 1121 1956 1613 1189 1499 1492 1752 1829 1435 1095 1917 1269 1026 1452 1922 1310 1742 1327 1347 1760 1424 1266 1549 1780 1567 1168 1950 1639 1797 1670 1172 1761 1245 1269 1605 1438 1282 1204 1799 1814 1860 1849 1421 1786 1578 1936 1434 1664 1784 1271 1964 1418 1413 1076 1607 1576 1873 1275 1913 1511 1515 1240 1142 1628 1839 1315 1608 BCNSPRNW ULIB Ver.6.0+V

เปลี่ยนเป็นภาษาไทย

Change to English
 แสดงรายละเอียดบรรณานุกรม
  กลับหน้าหลัก

Brief Record : Get Marc (ISO 2709) : E-mail record : QR code < ปิดหน้าต่าง
LEADER : 00000nam 2200000uu 4500
001    13399128162
003     ULIB
008    220801s2562||||th 000 0 tha d
020    ^a9789740338550
050    ^aLB1028.3^bด364ก
100    ^aดนัยศักดิ์ กาโร
245    ^aการปฏิวัติการสอนสู่ห้องเรียน 4.0 ด้วย Google for education /^cดนัยศักดิ์ กาโร
260    ^aกรุงเทพฯ :^bสำนักพิมพ์จุฬาลงกรณ์มหาวิทยาลัย,^c2562
300    ^a193 หน้า^bภาพประกอบ, ภาคผนวก
650    ^aระบบการเรียนการสอน
650    ^aการเรียนการสอนผ่านเว็บ
650    ^aการเรียนรู้ผ่านระบบอิเล็กทรอนิกส์
650    ^aคอมพิวเตอร์จัดการสอน
650    ^aสื่อการสอน
650    ^aการสอนด้วยสื่อ
945    ^p210^l0^i29405
945    ^p210^l0^i29406
945    ^p210^l0^i29407
945    ^p210^l0^i29408
945    ^p210^l0^i29409
999    ^aกัณชพร จุลอักษร
รายการนี้ยังไม่มีแท็ก
คุณยังไม่ได้ล็อกอิน คุณสามารถมีกิจกรรมร่วมกับเว็บไซต์ได้ แต่ต้องล็อกอินก่อน ::
  ล็อกอิน

รายการสื่อสารสนเทศ

ลำดับที่ ประเภท เลขเรียก/บาร์โค้ด สถานที่ สถานะ
1. หนังสือสำรอง
หนังสือสำรอง
LB1028.3 ด364ก ฉ.1 
  Barcode: 29405
ห้องสมุดวิทยาเขตนครสวรรค์
►หนังสือทั่วไป:l:General Books
บนชั้น
2. วิทยาศาสตร์การแพทย์ และสุขภาพ
วิทยาศาสตร์การแพทย์ และสุขภาพ
LB1028.3 ด364ก ฉ.2 
  Barcode: 29406
ห้องสมุดวิทยาเขตนครสวรรค์
►หนังสือทั่วไป:l:General Books
บนชั้น
3. วิทยาศาสตร์การแพทย์ และสุขภาพ
วิทยาศาสตร์การแพทย์ และสุขภาพ
LB1028.3 ด364ก ฉ.3 
  Barcode: 29407
ห้องสมุดวิทยาเขตนครสวรรค์
►หนังสือทั่วไป:l:General Books
บนชั้น
4. วิทยาศาสตร์การแพทย์ และสุขภาพ
วิทยาศาสตร์การแพทย์ และสุขภาพ
LB1028.3 ด364ก ฉ.4 
  Barcode: 29408
ห้องสมุดวิทยาเขตนครสวรรค์
►หนังสือทั่วไป:l:General Books
บนชั้น
5. วิทยาศาสตร์การแพทย์ และสุขภาพ
วิทยาศาสตร์การแพทย์ และสุขภาพ
LB1028.3 ด364ก ฉ.5 
  Barcode: 29409
ห้องสมุดวิทยาเขตนครสวรรค์
►หนังสือทั่วไป:l:General Books
บนชั้น

รายการใกล้เคียง
    ผู้แต่ง [ดนัยศักดิ์ กาโร]

    หัวเรื่อง [ระบบการเรียนการสอน]
    หัวเรื่อง [การเรียนการสอนผ่านเว็บ]
    หัวเรื่อง [การเรียนรู้ผ่านระบบอิเล็กทรอนิกส์]
    หัวเรื่อง [คอมพิวเตอร์จัดการสอน]
    หัวเรื่อง [สื่อการสอน]
    หัวเรื่อง [การสอนด้วยสื่อ]

BibComment


ยังไม่เคยถูกคอมเมนท์

คอมเมนท์ทรัพยากรรายการนี้
  คอมเมนท์: การปฏิวัติการสอน..


 Copyright 2026. Bcnsprnw @Library